Desacralizar la vida humana: ensayos sobre Ética

Guardat en:
Dades bibliogràfiques
Autor principal: Singer, Peter (Autor)
Format: Llibre
Idioma:espanyol
Publicat: Madrid Cátedra 2003
Edició:1a. ed
Col·lecció:Colección Teorema Serie Mayor
Matèries:
Etiquetes: Afegir etiqueta
Sense etiquetes, Sigues el primer a etiquetar aquest registre!

MARC

LEADER 00000cam a2200000 a 4500
001 UCC4105
003 CL-VaPUC
008 180713e20030000sp |||||||||||||||||spa|d
020 |a 8437620961 
082 0 4 |a 170  |b SIN  |2 21 
100 0 |a Singer, Peter  |e author  |9 598246 
245 1 0 |a Desacralizar la vida humana: ensayos sobre Ética 
250 |a 1a. ed 
300 |a 494 p 
942 |c BK 
945 |d 20180713 16:21:00  |a dcastane 
260 |a Madrid  |b Cátedra  |c 2003 
650 0 |a Ética  |9 255099 
650 0 |a Conceptos morales   |9 310606 
650 0 |a Epistemología   |9 264994 
583 |a last modification  |c 20180713 16:21:00  |k Rodrigo Vera 
490 0 |a Colección Teorema Serie Mayor 
999 |c 371702  |d 371700 
952 |0 0  |1 0  |3 erb  |4 0  |6 170_000000000000000_SIN_2003  |7 0  |8 A  |9 488811  |a BIBTEO  |b BIBTEO  |i 5480426  |l 1  |o 170 SIN 2003  |p 5480426  |r 2025-01-17  |s 2024-11-18  |w 2019-11-24  |y BK  |z Catalogado en:20180713  |k ICR